| 000 | 00528nam a2200193Ia 4500 | ||
|---|---|---|---|
| 003 | 0100 | ||
| 008 | 130227s9999 xx 000 0 und d | ||
| 040 | _cARRUPELIB | ||
| 050 | _aB3279.H48S45736 | ||
| 100 |
_aBlattner, William D. _919876 |
||
| 245 | _aHeidegger's temporal idealism | ||
| 260 | _aCambridge | ||
| 260 |
_bCambridge University Press _c1999 |
||
| 300 | _a325p. | ||
| 300 | _b 23 cm | ||
| 440 |
_aModern European philosophy _912126 |
||
| 650 |
_bJesuits in Paraguay - History _919877 |
||
| 942 |
_2lcc _cMONOGRAPH |
||
| 999 |
_c2849 _d2849 |
||